Top 10 Richest Island Countries (PPP and Nominal) - Statistics

General Stats
  • This quiz has been taken 646 times
  • The average score is 10 of 12
Answer Stats
PPP Nominal Country % Correct
43,620 39,800 United Kingdom
93%
72,632 68,710 Ireland
92%
38,502 41,572 New Zealand
92%
42,659 38,448 Japan
89%
90,531 57,713 Singapore
87%
52,150 70,248 Iceland
86%
42,532 27,326 Malta
86%
49,827 24,292 Taiwan
81%
51,846 24,325 Bahrain
75%
36,557 25,380 Cyprus
71%
76,743 28,278 Brunei
70%
25,080 31,660 The Bahamas
54%
No matching quizzes found
Score Distribution
Percent of People with Each Score
Percentile by Number Answered
Your Score History
You have not taken this quiz